000 00521nam a2200217Ia 4500
003 LK-CoDNM
005 20241209121928.0
008 010623t1990 xxu||||| |||| 00| 1 eng d
040 _aLK-CoDNM
_dLK-CoDNM
_eLK-CoDNM
041 _aeng
080 _ax 294.3.726.9
_bAKS
100 _aAksland,Markus.
245 _aThe Sacred Footprint
260 _bYeti Cinsult
_c1990
300 _b140p. ; 21 cm
650 _aDevale
650 _aIbn Batuta
650 _aMarco Polo
650 _aRobert Knox
942 _cBK
999 _c114636
_d114636